Cantinflas Show : Edison /
Guardat en:
| Format: | Llibre |
|---|---|
| Idioma: | espanyol |
| Publicat: |
México :
Diamex : Provenemex,
fecha no identificada
|
| Col·lecció: | (Cantinflas Show ;
1) |
| Matèries: | |
| Etiquetes: |
Sense etiquetes, Sigues el primer a etiquetar aquest registre!
|
MARC
| LEADER | 00000nam^a2200000^a^4500 | ||
|---|---|---|---|
| 001 | 000630337 | ||
| 005 | 20260413000000.0 | ||
| 009 | 20260413195720.78 | ||
| 037 | |a Acervo ITESO - Biblioteca | ||
| 041 | |a ESP | ||
| 082 | |a 808. 899282 |b CAN V. 1 | ||
| 240 | 1 | 1 | |a [Cantinflas Show] |
| 245 | 0 | 0 | |a Cantinflas Show : |b Edison / |c Texto de P. Obón ; il. de J.L. Moro. |
| 264 | 1 | |a México : |b Diamex : |b Provenemex, |c fecha no identificada | |
| 300 | |a 22 p. | ||
| 336 | |a texto |b txt |2 rdacontenido | ||
| 337 | |a sin mediación |b n |2 rdamedio | ||
| 338 | |a volumen |b nc |2 rdasoporte | ||
| 440 | 1 | |a (Cantinflas Show ; |v 1) | |
| 567 | |a Catalogación rápida | ||
| 649 | |a XX | ||
| 650 | |a Programas Infantiles - |x Publicaciones Periódicas | ||
| 650 | |a Historietas y Caricaturas - |x Publicaciones Periódicas | ||
| 650 | |a Literatura Infantil - |x Publicaciones Periódicas - |x Tema Principal | ||
| 650 | |a Publicaciones Periódicas Mexicanas | ||
| 650 | |a Publicaciones Periódicas | ||
| 650 | |a Edison, Thomas Alva | ||
| 600 | |a Cantinflas | ||
| 910 | |a Fondo Castillo-Martínez | ||
| 920 | |a Impresos - Libros | ||
| 930 | |a Fondos Especiales | ||
| 940 | |a Literatura | ||
| 905 | |a 127 | ||
| 901 | |a 630337-10 |b IT2 |c ESP |i D124061 |u 20260413 | ||
| 902 | |a https://opac.biblio.iteso.mx/vufind/Record/000630337 | ||